[Event "Niedersachsen-ch op-A"]
[Site "Verden"]
[Date "2015.01.04"]
[Round "5"]
[White "Schulze, Lara"]
[Black "Hoppenburg, Jannik"]
[Result "0-1"]
[WhiteElo "1662"]
[BlackElo "1774"]
[PlyCount "60"]
[EventDate "2015.01.02"]
[EventType "swiss"]
[EventRounds "7"]
[EventCountry "GER"]
[SourceTitle "EXT 2018"]
[Source "ChessBase"]
[SourceDate "2017.10.13"]
[SourceVersion "1"]
[SourceVersionDate "2017.10.13"]
[SourceQuality "1"]

1. d4 c5 2. d5 Nf6 3. c4 b5 4. Qc2 d6 5. e4 g6 6. h3 a6 7. Nf3 Nbd7 8. Be3 Bg7 9. Be2 0-0 10. 0-0 bxc4 11. Nbd2 a5 12. Nxc4 Ba6 13. Nfd2 Bxc4 14. Nxc4 Nb6 15. Nd2 Nfd7 16. Rab1 a4 17. Rfd1 Qc7 18. f4 Rfb8 19. Nf3 Nf6 20. Bf2 Nh5 21. g3 Qb7 22. Kh2 a3 23. b3 Bb2 24. Ne1 Nf6 25. Bf3 c4 26. bxc4 Qa6 27. Be2 Na4 28. Bd4 Qa5 29. Bxb2 Nxb2 30. Rd2 Nxe4 0-1

[Event "Niedersachsen-ch U18"]
[Site "Rotenburg"]
[Date "2013.03.24"]
[Round "3"]
[White "Thielen, Laurens"]
[Black "Hoppenburg, Jannik"]
[Result "0-1"]
[WhiteElo "1654"]
[BlackElo "1691"]
[PlyCount "38"]
[EventDate "2013.03.23"]
[EventType "swiss"]
[EventRounds "9"]
[EventCountry "GER"]
[SourceTitle "EXT 2015"]
[Source "ChessBase"]
[SourceDate "2014.11.20"]
[SourceVersion "1"]
[SourceVersionDate "2014.11.20"]
[SourceQuality "1"]

1. e4 c5 2. Nf3 Nc6 3. d4 cxd4 4. Nxd4 g6 5. Nc3 Bg7 6. Be3 Nf6 7. f3 0-0 8. Bc4 Qb6 9. Bb3 Ng4 10. Nd5 Nxe3 11. Nxb6 Bxd4 12. Nxa8 Nxd1 13. Rxd1 Be5 14. Rd5 Bb8 15. Kf2 b6 16. Rhd1 d6 17. Rb5 Bb7 18. Nxb6 axb6 19. Rxb6 Ba7 0-1